000
00217 a2200097 4500
001
27303
100
_a
Green, E.R
245
_a
Cpmputer graphic in management
260
_a
_b
Gower press
_c
1970
090
_c
18130
_d
18130
942
_a
NUST-CAE
_c
M
_c
9037
999
_c
262376
_d
262376